[Event "Arab-ch 2017 Rapid"]
[Site "Sharjah"]
[Date "2018.01.31"]
[Round "3.6"]
[White "Tagelsir, Abubaker"]
[Black "Elmejbri, Ali Abdoullah"]
[Result "1-0"]
[WhiteElo "2112"]
[BlackElo "1920"]
[PlyCount "69"]
[EventDate "2018.01.31"]
[EventType "swiss (rapid)"]
[EventRounds "7"]
[EventCountry "UAE"]
[SourceTitle "EXT 2024"]
[Source "ChessBase"]
[SourceDate "2023.10.10"]
[SourceVersion "1"]
[SourceVersionDate "2023.10.10"]
[SourceQuality "1"]

1. e4 d6 2. d4 Nf6 3. Nc3 Nbd7 4. f4 e5 5. Nf3 exd4 6. Qxd4 Be7 7. Be3 0-0 8. 0-0-0 Re8 9. h3 a6 10. g4 c5 11. Qd3 b5 12. e5 c4 13. Qe2 b4 14. exf6 bxc3 15. fxe7 Qxe7 16. Re1 Rb8 17. Qxc4 cxb2+ 18. Kb1 Bb7 19. Bg2 Bxf3 20. Bxf3 Nb6 21. Bxb6 Qxe1+ 22. Rxe1 Rxe1+ 23. Kxb2 Rxb6+ 24. Kc3 Rb8 25. Kd2 Ree8 26. Be4 d5 27. Bxd5 Red8 28. Qd3 Kf8 29. Qa3+ Kg8 30. c4 Rb6 31. f5 Rdb8 32. Qe7 Rb2+ 33. Kc3 Rh2 34. Qxf7+ Kh8 35. f6 1-0

[Event "African Club-chT"]
[Site "Gizeh"]
[Date "2017.07.24"]
[Round "1.1"]
[White "Hesham, Abdelrahman"]
[Black "Elmejbri, Ali Abdoullah"]
[Result "1-0"]
[WhiteElo "2385"]
[BlackElo "2059"]
[PlyCount "59"]
[EventDate "2017.07.24"]
[EventType "team-tourn"]
[EventRounds "7"]
[EventCountry "EGY"]
[SourceTitle "EXT 2020"]
[Source "ChessBase"]
[SourceDate "2019.10.17"]
[SourceVersion "1"]
[SourceVersionDate "2019.10.17"]
[SourceQuality "1"]
[WhiteTeam "Alhawar"]
[BlackTeam "Khaled ben Walid"]
[WhiteTeamCountry "EGY"]
[BlackTeamCountry "LBY"]

1. d4 d6 2. c4 Nf6 3. Nc3 g6 4. e4 Bg7 5. f3 0-0 6. Be3 e5 7. d5 c6 8. Bd3 cxd5 9. cxd5 Nh5 10. Nge2 f5 11. exf5 gxf5 12. 0-0 Nd7 13. Rc1 Nc5 14. Bb1 a5 15. a3 Bd7 16. f4 a4 17. fxe5 Bxe5 18. Nd4 Bxh2+ 19. Kxh2 Qh4+ 20. Kg1 f4 21. Nf3 Qg4 22. Bxc5 dxc5 23. Ne5 Qxd1 24. Rfxd1 Rad8 25. Nxd7 Rxd7 26. Be4 Ng3 27. Bf3 Nf5 28. Nxa4 Rg7 29. Nxc5 Nh4 30. Kf2 1-0

[Event "Al Ain op 4th"]
[Site "Al Ain"]
[Date "2015.12.24"]
[Round "2"]
[White "Elmejbri, Ali Abdoullah"]
[Black "Asadli, Vugar Afgan Oglu"]
[Result "0-1"]
[WhiteElo "2031"]
[BlackElo "2323"]
[PlyCount "68"]
[EventDate "2015.12.23"]
[EventType "swiss"]
[EventRounds "9"]
[EventCountry "UAE"]
[SourceTitle "CBM 170 Extra"]
[Source "ChessBase"]
[SourceDate "2016.02.25"]
[SourceVersion "1"]
[SourceVersionDate "2016.02.25"]
[SourceQuality "1"]

1. d4 g6 2. Nf3 Bg7 3. e3 d6 4. b3 Nf6 5. Bd3 0-0 6. Bb2 Re8 7. Nbd2 Nbd7 8. e4 Nh5 9. Nc4 Nf4 10. 0-0 b6 11. Rb1 c6 12. Ne3 Nf6 13. Re1 Ng4 14. h3 Nxe3 15. Rxe3 e5 16. dxe5 dxe5 17. Bc4 Qe7 18. b4 b5 19. Bb3 a5 20. bxa5 Rxa5 21. Qd2 Ra7 22. c4 b4 23. Ree1 Rd7 24. Qc2 Nd3 25. Red1 Red8 26. Bc1 c5 27. Be3 Bb7 28. Nd2 f5 29. exf5 gxf5 30. Nf3 f4 31. Bd2 e4 32. Ne1 Bd4 33. Nxd3 exd3 34. Qc1 Qe4 0-1

[Event "Arab-ch Elite 3rd"]
[Site "Dubai"]
[Date "2015.06.01"]
[Round "7"]
[White "Elmejbri, Ali Abdoullah"]
[Black "Khader, Sami"]
[Result "0-1"]
[WhiteElo "1841"]
[BlackElo "2376"]
[PlyCount "62"]
[EventDate "2015.05.27"]
[EventType "swiss"]
[EventRounds "9"]
[EventCountry "UAE"]
[SourceTitle "CBM 166 Extra"]
[Source "ChessBase"]
[SourceDate "2015.06.18"]
[SourceVersion "1"]
[SourceVersionDate "2015.06.18"]
[SourceQuality "1"]

1. d4 Nf6 2. Nf3 c5 3. e3 g6 4. c3 b6 5. Bd3 Bg7 6. Nbd2 0-0 7. e4 cxd4 8. cxd4 Nc6 9. a3 Bb7 10. b4 Nh5 11. Nb3 e5 12. d5 Ne7 13. Be3 f5 14. d6 fxe4 15. dxe7 Qxe7 16. Bc4+ Kh8 17. Bg5 Bf6 18. Bxf6+ Qxf6 19. Qxd7 Rab8 20. Nxe5 Qxf2+ 21. Kd1 Rbd8 22. Rf1 Rxd7+ 23. Nxd7 Qxf1+ 24. Bxf1 Rxf1+ 25. Ke2 Rf7 26. Ne5 Nf4+ 27. Ke3 Nxg2+ 28. Kd4 Rf4 29. b5 e3+ 30. Kc3 e2 31. Nd3 Rf3 0-1

[Event "Africa-ch"]
[Site "Cairo"]
[Date "2015.05.02"]
[Round "1"]
[White "Amdouni, Zoubaier"]
[Black "Elmejbri, Ali Abdoullah"]
[Result "1-0"]
[WhiteElo "2338"]
[BlackElo "1841"]
[PlyCount "61"]
[EventDate "2015.05.02"]
[EventType "swiss"]
[EventRounds "9"]
[EventCountry "EGY"]
[SourceTitle "CBM 166 Extra"]
[Source "ChessBase"]
[SourceDate "2015.06.18"]
[SourceVersion "1"]
[SourceVersionDate "2015.06.18"]
[SourceQuality "1"]

1. e4 d5 2. exd5 Qxd5 3. Nc3 Qd8 4. Bc4 Nf6 5. Nf3 Bf5 6. Qe2 e6 7. d4 c6 8. Bf4 Be7 9. 0-0-0 b5 10. Bd3 Bxd3 11. Rxd3 b4 12. Na4 Qa5 13. b3 Nbd7 14. Ne5 Nd5 15. Bd2 Nxe5 16. Qxe5 0-0 17. Kb1 Bf6 18. Qe4 Rfd8 19. Rd1 Rac8 20. Nc5 Qb5 21. a4 Qb6 22. Qg4 a5 23. Kc1 Be7 24. Rg3 g6 25. Bg5 Bxg5+ 26. Qxg5 Nc3 27. Rgd3 Rd5 28. Qh6 Kh8 29. Rh3 Rh5 30. Rxh5 gxh5 31. Nd7 1-0

[Event "Al Ain op 3rd"]
[Site "Al Ain"]
[Date "2014.12.22"]
[Round "5"]
[White "Kursova, Maria"]
[Black "Elmejbri, Ali Abdoullah"]
[Result "1-0"]
[WhiteElo "2305"]
[BlackElo "1954"]
[PlyCount "81"]
[EventDate "2014.12.19"]
[EventType "swiss"]
[EventRounds "9"]
[EventCountry "UAE"]
[SourceTitle "CBM 164 Extra"]
[Source "ChessBase"]
[SourceDate "2015.03.02"]
[SourceVersion "1"]
[SourceVersionDate "2015.03.02"]
[SourceQuality "1"]

1. d4 Nf6 2. Nf3 b5 3. Bg5 e6 4. e4 a6 5. a4 b4 6. Bd3 Be7 7. Nbd2 a5 8. 0-0 Ba6 9. Nb3 Bxd3 10. Qxd3 0-0 11. c4 bxc3 12. bxc3 c6 13. Nfd2 d5 14. e5 Nfd7 15. Bxe7 Qxe7 16. c4 Na6 17. c5 Nb4 18. Qc3 Rfb8 19. Nxa5 Rxa5 20. Rfb1 Rba8 21. Rxb4 Nf8 22. Nb3 R5a6 23. a5 Qc7 24. f4 Nd7 25. g4 f6 26. Rf1 Rf8 27. Qd3 Raa8 28. Qe2 fxe5 29. fxe5 Rxf1+ 30. Qxf1 Rf8 31. Qe2 Rf4 32. a6 Re4 33. Qf1 g5 34. Rb7 Qc8 35. h3 Rf4 36. Qa1 Re4 37. Rxd7 Qxd7 38. a7 Re1+ 39. Qxe1 Qxa7 40. Qa5 Qf7 41. Qd8+ 1-0